Liste des Pokémon ayant au moins 130 de base stat en Attaque - Statistiques

Statistiques générales
  • Ce quiz a été pris 77 fois
  • Le résultat moyen est 64 sur 103
Statistiques - réponses
Type Principal Pokémon Attaque % Correct
Psy Méga Mewtwo X 190
97%
Dragon Rayquaza 150
92%
Dragon Dracolosse 134
90%
Dragon Drattak 135
90%
Sol Groudon 150
90%
Dragon Kyurem 130
90%
Feu Méga Braségali 160
90%
Dragon Méga Rayquaza 180
90%
Dragon Carchacrok 130
87%
Psy Deoxys 150
87%
Plante Katagami 181
87%
Dragon Méga Drattak 145
87%
Eau Méga Laggron 150
87%
Fée Zacian Épée Suprême 150
87%
Roche Méga Tyranocif 164
85%
Insecte Cancrelove 137
82%
Insecte Cizayox 130
82%
Dragon Kyurem Noir 170
82%
Dragon Méga Carchacrok 170
82%
Feu Méga Dracaufeu X 130
82%
Acier Méga Galeking 140
82%
Psy Méga Gallame 165
82%
Insecte Méga Scarhino 185
82%
Acier Métalosse 135
82%
Sol Primo Groudon 180
82%
Psy Solgaleo 137
82%
Roche Tyranocif 134
82%
Dragon Zekrom 150
82%
Insecte Mouscoto 139
79%
Insecte Méga Cizayox 150
77%
Insecte Méga Scarabrute 155
77%
Normal Monaflèmit 160
77%
Psy Necrozma Crinière du Couchant 157
77%
Normal Regigigas 160
77%
Psy Deoxys Attaque 180
74%
Combat Mackogneur 130
74%
Insecte Méga Dardargnan 150
74%
Roche Méga Ptéra 135
74%
Eau Primo Kyogre 150
74%
Spectre Méga Branette 165
72%
Acier Méga Métalosse 145
72%
Combat Koraidon 135
69%
Eau Méga Léviator 155
69%
Dragon Tranchodon 147
69%
Roche Charkos 165
67%
Sol Rhinastoc 140
67%
Ténèbres Scalpereur 135
67%
Psy Sylveroy Cavalier du Froid 165
67%
Combat Bétochef 140
64%
Sol Fort-Ivoire 131
64%
Roche Méga Diancie 160
64%
Psy Méga Mewtwo Y 150
64%
Psy Ultra Necrozma 167
64%
Fée Xerneas 131
64%
Feu Darumacho 140
62%
Plante Tokotoro 130
62%
Ténèbres Yveltal 131
62%
Fée Garde-de-Fer 130
59%
Psy Hoopa Déchaîné 160
59%
Dragon Méga Latios 130
59%
Normal Méga-Lockpin 136
59%
Combat Méga Lucario 145
59%
Combat Paume-de-Fer 140
59%
Dragon Glaivodo 145
56%
Eau Méga Sharpedo 140
56%
Eau Sachanobi 145
56%
Feu Ho-Oh 130
54%
Ténèbres Méga Absol 150
54%
Plante Méga Blizzaroi 132
54%
Dragon Rugit-Lune 139
54%
Eau Superdofin 160
54%
Sol Démétéros Totémique 145
51%
Acier Exagide Forme Assaut 140
51%
Glace Blizzeval 145
49%
Glace Darumacho de Galar 140
49%
Glace Darumacho de Galar Mode Transe 160
49%
Roche Ama-Ama 131
46%
Sol Ursaking 140
46%
Sol Rhinoferos 130
44%
Roche Aéroptéryx 140
41%
Roche Épine-de-Fer 134
41%
Insecte Hachécateur 135
41%
Acier Melmetal 143
41%
Insecte Rampe-Ailes 135
41%
Normal Ursaring 130
41%
Combat Crabominable 132
38%
Eau Froussardine Forme Banc 140
38%
Sol Minotaupe 135
36%
Combat Shifours Poing Final 130
36%
Plante Vert-de-Fer 130
36%
Ténèbres Absol 130
33%
Glace Mammochon 130
33%
Combat Shifours Mille Poings 130
33%
Insecte Lançargot 135
31%
Roche Gigalithe 135
28%
Plante Chapignon 130
26%
Combat Palarticho 135
26%
Glace Polagriffe 130
26%
Feu Pyroli 130
26%
Eau Krabboss 130
23%
Combat Farfurex 130
21%
Acier Pachyradjah 130
18%
Spectre Sinistrail 131
13%
Aucun quiz correspondant
Distribution des résultats
% des personnes avec chaque résultat
Percentile par nombre de réponses
Votre historique - résultats
Vous n’avez pas pris ce quiz